000 00829nam a2200217Ii 4500
003 JO-AjNU
008 230605s9999||||xx |||||||||||||| ||und||
040 _aJO-AjNU
_bara
_erda
_cJO-AjNU
041 _aara
050 1 4 _aHC498 .N2.1982
100 3 _aعيسى،نجيب ,
_eauthor
_919420
245 0 0 _aنموذج التنمية في الخليج والتكامل الاقتصادي العربي
250 _aط2
264 3 1 _aبيروت:معهد الانماء العربي،1982
300 _a195ص
_bببليوجرافية : ص. 191-193
336 _atext
_btxt
_2rdacontent
337 _aunmediated
_bn
_2rdamedia
338 _avolume
_bnc
_2rdacarrier
490 0 _aالدراسات الاقتصادية الاستراتيجية 
650 4 _a دول الخليج العربية -- سياسة اقتصادية 
_919421
999 _aA6406
_c9974
_d9974